[Event "SCG First League m"]
[Site "Vrnjacka Banja SCG"]
[Date "2005.10.26"]
[Round "10"]
[White "Ivanisevic,I"]
[Black "Vuckovic,Bo"]
[Result "1-0"]
[WhiteElo "2588"]
[BlackElo "2509"]

1.d4 Nf6 2.Bg5 c5 3.Bxf6 gxf6 4.d5 Qb6 5.Qc1 f5 6.c4 Bg7 7.Nc3 d6 8.e3 Nd7
9.Qc2 Nf6 10.Bd3 Ne4 11.Nge2 Nxc3 12.bxc3 e6 13.O-O O-O 14.Rae1 Qa5 15.f4 Bd7
16.Rf3 Qa4 17.Qd2 b5 18.cxb5 a6 19.bxa6 exd5 20.Ng3 Qa5 21.Rc1 d4 22.Nh5 dxc3
23.Qe1 Kh8 24.Nxg7 Kxg7 25.Qh4 Qd8 26.Rg3+ Kh8 27.Qh6 Rg8 28.Qxd6 Rg6 29.Qxc5  1-0

[Event "Essent Open"]
[Site "Hoogeveen NED"]
[Date "2005.10.28"]
[Round "8"]
[White "Van Ruitenburg,J"]
[Black "Ahlers,B"]
[Result "1-0"]
[WhiteElo "2216"]
[BlackElo "2198"]

1.d4 Nf6 2.Bg5 d5 3.Nc3 h6 4.Bxf6 exf6 5.e4 dxe4 6.Nxe4 Be7 7.Nf3 Nd7 8.c4 f5
9.Nc3 O-O 10.Be2 Nf6 11.O-O c6 12.Qd3 Be6 13.Rfd1 Qc7 14.Ne5 Rad8 15.Qg3 Ne4
16.Nxe4 fxe4 17.c5 f5 18.Ng6 f4 19.Nxf8 Rxf8 20.Qc3 Kh8 21.f3 e3 22.Bc4 Bf5
23.Bd3 Bh4 24.Qc2 Bc8 25.Bc4 Qe7 26.Qg6 Bf5 27.Qd6 e2 28.Bxe2 Qe3+ 29.Kh1 Re8
30.Bc4 Be1 31.Bf1 Bh4 32.Bc4 Be1 33.Bf1 Bh4 34.a3 Kh7 35.a4 Re6 36.Qf8 Bf6
37.Bc4 Re7 38.Bf7 h5 39.Qg8+ Kh6 40.Qh8+ Bh7 41.Bg8 g6 42.Qxf6 Bxg8 43.Qh8+ Bh7
44.Qf8+ Kg5 45.h4+ Kxh4 46.Re1 Qxe1+ 47.Rxe1 Rxe1+ 48.Kh2 g5 49.Qc8  1-0

[Event "Open A"]
[Site "Liberec CZE"]
[Date "2005.10.28"]
[Round "8"]
[White "Karhanek,P"]
[Black "Norinkeviciute,R"]
[Result "1-0"]
[WhiteElo "2263"]
[BlackElo "2082"]

1.d4 Nf6 2.Bg5 d5 3.e3 c6 4.Nd2 Nbd7 5.f4 g6 6.Bd3 Bg7 7.Ngf3 O-O 8.O-O Ne8
9.c3 f5 10.Qb3 Ndf6 11.Ne5 Nd6 12.c4 e6 13.cxd5 exd5 14.Rac1 Qa5 15.Qc2 Be6
16.Nb3 Qd8 17.Nc5 Re8 18.b4 a5 19.a3 Qb8 20.Rb1 axb4 21.Rxb4 Qa7 22.Bxf6 Bxf6
23.Ra4 Qb8 24.Ned7 Bxd7 25.Nxd7 Qd8 26.Rxa8 Qxd7 27.Rxe8+ Qxe8 28.Kf2 b5
29.Rc1 Nc4 30.Bxc4 dxc4 31.Rb1 Be7 32.a4 Qd7 33.a5 Qa7 34.Qc3 Bf6 35.Qd2 Qb7
36.Qb4 Qd7 37.a6 Bh4+ 38.Kg1 Be7 39.Qa5 Bd8 40.Qa3 Bb6 41.Kh1 Kf7 42.h3 Ba7
43.Qa5 Ke6 44.Rd1 Kd5 45.Qe1 Qe7 46.Ra1 Qd7 47.Qh4 Ke6 48.Re1 Kd5 49.Qf6 Bb8
50.Qh8 Qc7 51.Rd1 Ke6 52.d5+ cxd5 53.Qe8+ Kf6 54.Rxd5 c3 55.Rd7 Qxd7 56.Qxd7 b4
57.Qd8+ Ke6 58.Qxb8 c2 59.Qc8+  1-0

[Event "zt 2.4"]
[Site "Sao Paulo BRA"]
[Date "2005.10.29"]
[Round "8"]
[White "Cordova,Em"]
[Black "Sunye Neto,J"]
[Result "1/2-1/2"]
[WhiteElo "2434"]
[BlackElo "2522"]

1.d4 Nf6 2.Bg5 g6 3.Nd2 Bg7 4.e4 d6 5.Ngf3 O-O 6.h3 h6 7.Be3 Nbd7 8.Bc4 e5
9.dxe5 dxe5 10.Qe2 Qe7 11.g4 Nc5 12.a3 c6 13.Bxc5 Qxc5 14.Nb3 Qe7 15.Qe3 Nd7
16.g5 hxg5 17.Qxg5 Qxg5 18.Nxg5 Bh6 19.h4 Nb6 20.Be2 Na4 21.O-O-O f6 22.Bc4+ Kg7
23.f4 Nb6 24.Bd3 exf4 25.Nf3 Nd7 26.Nbd4 Ne5 27.Rdg1 Bd7 28.Kb1 Rae8 29.Rh2 Kh7
30.Nxe5 fxe5 31.Nf3 Re7 32.Rhg2 Rf6 33.Rd2 Rd6 34.Rgd1 Bg4 35.Be2 Rxd2 36.Rxd2 Kg7
37.Rd6 Bh5 38.Kc1 Kf7 39.Kd1 Bxf3 40.Bxf3 Bg7 41.h5 Bf6 42.Ke2 gxh5 43.Bxh5+ Kg7
44.Kf3 Kh6 45.Bg4 Kg5 46.Rd7  1/2-1/2

[Event "TCh-HUN 2005-6"]
[Site "Hungary HUN"]
[Date "2005.10.30"]
[Round "2"]
[White "Honos,A"]
[Black "Groszpeter,A"]
[Result "1/2-1/2"]
[WhiteElo "2323"]
[BlackElo "2518"]

1.d4 Nf6 2.Bg5 d5 3.Bxf6 exf6 4.e3 Bd6 5.c4 dxc4 6.Bxc4 O-O 7.Nc3 f5 8.Qf3 Nd7
9.Nge2 Nf6 10.Nf4 c6 11.Nh5 Ne4 12.Ng3 Ng5 13.Qh5 g6 14.Qh6 Re8 15.O-O-O Bf8
16.Qh4 Be7 17.Qh6 Ne6 18.Bxe6 Bxe6 19.h4 b5 20.Kb1 Rb8 21.Nge2 b4 22.Na4 b3
23.a3 Qa5 24.Nc5 Bf8 25.Qg5 Bxc5 26.dxc5 Qxc5 27.Nd4 Bd5 28.Rc1 Qd6 29.Ka1 f6
30.Qh6  1/2-1/2

[Event "10th Governors Cup"]
[Site "Sioux Falls USA"]
[Date "2005.10.30"]
[Round "4"]
[White "Sailer,M"]
[Black "Donaldson,J"]
[Result "0-1"]
[WhiteElo "2141"]
[BlackElo "2405"]

1.d4 Nf6 2.Bg5 d5 3.Bxf6 exf6 4.e3 c6 5.c4 dxc4 6.Bxc4 Bd6 7.Nf3 Nd7 8.O-O f5
9.Qc2 Nf6 10.Nbd2 O-O 11.Bd3 g6 12.Nc4 Bc7 13.b4 Be6 14.Rab1 Bd5 15.Nce5 Rc8
16.Rfc1 Qd6 17.b5 cxb5 18.Rxb5 b6 19.Ng5 a6 20.Rxd5 Nxd5 21.Bxf5 Rcd8 22.Be4 Bb8
23.Qd1 Nc3 24.Rxc3 Qxe5 25.f4 Qe7 26.Qc2 Rfe8 27.Bc6 Bxf4 28.Ne4 Bh6 29.Bxe8 Rxe8
30.Rc8 Bxe3+ 31.Kh1 Bxd4  0-1

[Event "Autumn Open"]
[Site "Venice ITA"]
[Date "2005.10.30"]
[Round "3"]
[White "Vianello,E"]
[Black "Dvirnyy,D"]
[Result "1/2-1/2"]
[WhiteElo "2086"]
[BlackElo "2272"]

1.d4 Nf6 2.Bg5 g6 3.Bxf6 exf6 4.e3 b6 5.c4 Bg7 6.Nc3 Bb7 7.Nf3 O-O 8.Be2 d6
9.O-O f5 10.Qd2 Nd7 11.b4 Nf6 12.b5 Ne4 13.Qd3 Re8 14.Nd5 a5 15.Nd2 Nxd2
16.Qxd2 Bxd5  1/2-1/2

[Event "1st Open"]
[Site "Piacenza ITA"]
[Date "2005.11.05"]
[Round "3"]
[White "Bozzali,E"]
[Black "Raineri,V"]
[Result "0-1"]
[WhiteElo "2108"]
[BlackElo "2132"]

1.d4 Nf6 2.Bg5 g6 3.Nc3 Bg7 4.e4 d6 5.f3 c6 6.Qd2 Nbd7 7.Bh6 Bxh6 8.Qxh6 b5
9.O-O-O Qa5 10.Kb1 b4 11.Nce2 Nb6 12.Nc1 Be6 13.Nh3 Qh5 14.Qd2 Bxh3 15.gxh3 O-O
16.Bg2 Nc4 17.Qf2 a5 18.f4 Qb5 19.Rhg1 a4 20.Qe2 Rfb8 21.Bf1 d5 22.f5 Nxe4
23.fxg6 hxg6 24.Qh5 Ncd2+ 25.Ka1 Nxf1 26.Nd3 Nfg3 27.Qf3 b3 28.Ne5 Ng5 29.Qd3 N3e4
30.h4 Nf2 31.Qxb5 cxb5 32.Rdf1 Ngh3 33.Rg3 bxc2 34.Rc3 Rc8 35.Nc6 Kg7 36.Rxc2 Ra6
37.Rfc1 Nd3 38.Nxe7 Rxc2 39.Rxc2 Re6  0-1

[Event "FSIMA November"]
[Site "Budapest HUN"]
[Date "2005.11.07"]
[Round "3"]
[White "Brustkern,J"]
[Black "Stupavski,Z"]
[Result "0-1"]
[WhiteElo "2236"]
[BlackElo "2359"]

1.d4 Nf6 2.Bg5 d5 3.Nc3 c6 4.Qd2 Bf5 5.f3 Nbd7 6.O-O-O h6 7.Bxf6 Nxf6 8.g4 Bh7
9.h4 e6 10.e3 Nd7 11.Bd3 Bxd3 12.cxd3 Be7 13.f4 Bxh4 14.g5 hxg5 15.fxg5 Qxg5
16.Nf3 Qe7 17.Qh2 g5 18.Kb1 Nf8 19.e4 Ng6 20.exd5 exd5 21.Qh3 Qe6 22.Nxg5 Qxh3
23.Nxh3 Bf6 24.Rde1+ Kf8 25.Rhf1 Kg7 26.Nf4 Nxf4 27.Rxf4 Bg5 28.Rg4 Kg6 29.Re7 Kf5
30.Rxg5+ Kxg5 31.Rxf7 b5 32.Rd7 Rh6 33.a3 Kf4 34.Kc2 a5 35.Ne2+ Kf3 36.Kd2 Rf8
37.Re7 Rff6 38.Re3+ Kf2 39.Nc3 Re6 40.Re5 Kf3 41.Rf5+ Kg4 42.Rf2 Rhf6  0-1

[Event "zt 2.5"]
[Site "Las Condes CHI"]
[Date "2005.11.08"]
[Round "3"]
[White "Avalos,J"]
[Black "Sepulveda,Jor"]
[Result "0-1"]
[WhiteElo "2268"]
[BlackElo "2241"]

1.d4 Nf6 2.Bg5 d5 3.Bxf6 exf6 4.e3 Be6 5.Nd2 c6 6.g3 Nd7 7.Bg2 Qb6 8.Qc1 Be7
9.Ne2 Qb5 10.b3 O-O 11.c4 Qa6 12.Qc3 Rfe8 13.O-O dxc4 14.bxc4 Nb6 15.Rfc1 Ba3
16.Rc2 c5 17.Bxb7 Qxb7 18.Qxa3 cxd4 19.Nxd4 Bh3 20.f3 Rad8 21.c5 Nd5 22.c6 Qb6
23.Nc4 Qc7 24.Rd1 h5 25.Kf2 h4 26.Qc5 Ne7 27.Nd2 Rd5 28.Qc4 Red8 29.Rb1 Nf5
30.Ne4 Nxd4 31.exd4 Rxd4 32.Qc3 Bc8 33.Rd2 Rxd2+ 34.Nxd2 Rd6 35.Rc1 hxg3+
36.hxg3 Bd7 37.cxd7 Qxc3 38.Rxc3 Rxd2+ 39.Ke3 Rxd7 40.Ra3 g6 41.Ra6 Kg7 42.Kf4 Re7
43.Kg4 f5+ 44.Kg5 Re5 45.Kf4 Re7 46.Kg5 Rb7 47.Rc6 Rb6 48.Rc3 Ra6 49.a3 Ra4
50.f4 Rd4 51.Kh4 Rd2 52.Kh3 Ra2 53.Rb3 a5 54.g4 a4 55.Rg3 fxg4+ 56.Kxg4 f5+
57.Kh3 Rf2  0-1

[Event "Bundesliga 2005-6"]
[Site "Bremen GER"]
[Date "2005.11.12"]
[Round "3"]
[White "Schneider,Il"]
[Black "Reeh,O"]
[Result "0-1"]
[WhiteElo "2392"]
[BlackElo "2449"]

1.d4 Nf6 2.Bg5 g6 3.Bxf6 exf6 4.c4 f5 5.Nc3 d6 6.e3 Nd7 7.Nge2 Nf6 8.g3 h5
9.h4 Bh6 10.Bg2 O-O 11.b4 Re8 12.Qd3 Rb8 13.a4 c5 14.Rb1 f4 15.gxf4 cxb4
16.Rxb4 Bf5 17.Qd2 Be6 18.Qd3 Bf5 19.Qd2 Be6 20.Kf1 a5 21.Rxb7 Bxc4 22.Qb2 Rxb7
23.Qxb7 d5 24.Bf3 Re7 25.Qb1 Ne4 26.Qc2 Nxc3 27.Qxc3 Rb7 28.Kg2 Rb4 29.Qc2 Bb3
30.Qc6 Bf8 31.f5 Rb6 32.Qc3 gxf5 33.Nf4 Bh6 34.Nxh5 Bxa4 35.Ra1 Bd7 36.Rxa5 Qxh4
37.Qc7 Bxe3 38.Ra8+ Kh7 39.Ng3 Bxf2 40.Kxf2 Rb2+ 41.Kf1 Qh2  0-1

[Event "TCh-FIN 2005-6"]
[Site "Jyvaskyla FIN"]
[Date "2005.11.12"]
[Round "5"]
[White "Karttunen,M"]
[Black "Maki,V"]
[Result "1-0"]
[WhiteElo "2395"]
[BlackElo "2407"]

1.d4 Nf6 2.Bg5 c5 3.d5 d6 4.Nc3 g6 5.e4 Bg7 6.Bb5+ Bd7 7.a4 O-O 8.Bc4 Bg4
9.f3 Bc8 10.Nge2 b6 11.O-O Ba6 12.Bb5 Ne8 13.Qd2 Bxb5 14.axb5 Nc7 15.Bh6 Qe8
16.Bxg7 Kxg7 17.Qd3 f5 18.exf5 Rxf5 19.Ng3 Rf4 20.Nce2 Rf7 21.c4 Nd7 22.Rae1 Qh8
23.f4 Kg8 24.Ne4 Qg7 25.Qh3 Nf8 26.Kh1 a6 27.Ng5 Rf6 28.bxa6 Nxa6 29.Ra1 e6
30.Ne4 exd5 31.Nxf6+ Qxf6 32.Qf3  1-0

[Event "ch-CRO"]
[Site "Vukovar CRO"]
[Date "2005.11.16"]
[Round "10"]
[White "Cebalo,M"]
[Black "Palac,M"]
[Result "1/2-1/2"]
[WhiteElo "2512"]
[BlackElo "2571"]

1.d4 Nf6 2.Bg5 c5 3.d5 Qb6 4.Nc3 Qxb2 5.Bd2 Qb6 6.e4 d6 7.f4 Qd8 8.Nf3 g6
9.Rb1 Bg7 10.Bb5+ Nfd7 11.a4 O-O 12.O-O c4 13.Qe2 Qc7 14.Kh1 a6 15.Bxd7 Nxd7
16.Qf2 Nc5 17.Qh4 f5 18.e5 Ne4 19.Nxe4 fxe4 20.Ng5 h6 21.e6 c3 22.Be3 hxg5
23.fxg5 Bxe6 24.dxe6 Qc4 25.Rfe1 Qxe6 26.Bg1 d5 27.Rb6 Qf5 28.Rxb7 Rf7 29.Rb6 Be5
30.Qh6 Bd6 31.Qh3 Qxh3 32.gxh3 Rf3 33.Kg2 Kf7 34.Rc6 Ke6 35.Bd4 Kd7 36.Rb6 e5
37.Bg1 Rf5 38.h4 Kc7 39.a5 Rh8 40.Re3 Rf3 41.Rxf3 exf3+ 42.Kxf3 Rxh4 43.Rxa6 d4
44.Ke2 Re4+ 45.Kd3 Re1 46.Bf2 Rd1+ 47.Kc4 d3 48.Kxc3 d2 49.Be3 Bb4+ 50.Kc4 Rh1
51.Bxd2 Bxd2 52.Rxg6 Rxh2 53.Re6 Bxg5 54.Rxe5 Rxc2+ 55.Kd3 Rg2 56.a6 Kb6
57.Re6+ Ka7 58.Rg6 Rd2+ 59.Kc3 Rd5 60.Kc4 Rf5 61.Kd4 Bd8 62.Ke4 Rb5 63.Rc6 Bb6
64.Rc2 Kxa6 65.Ra2+ Kb7 66.Rc2 Ra5 67.Rc4 Bc5 68.Rc1 Kc6 69.Rf1 Kd6 70.Rf6+ Ke7
71.Rg6 Bd6 72.Kd4 Re5 73.Rh6 Kd7 74.Rh1 Ra5 75.Ke4 Kc6 76.Rc1+ Bc5 77.Rd1 Ra7
78.Ke5 Re7+ 79.Kf5 Bd6 80.Rc1+ Kd7 81.Rc2 Rf7+ 82.Ke4 Ke6 83.Rc4 Rh7 84.Rd4 Be5
85.Rc4 Rh1 86.Rc8 Rh4+ 87.Kd3 Kd5 88.Rd8+ Bd6 89.Rd7 Rh3+ 90.Ke2 Ke6 91.Rd8 Be5
92.Rd3 Rh2+ 93.Kf3 Kf5 94.Ke3 Rh8 95.Kf3 Rg8 96.Re3 Bf4 97.Rd3 Ke5 98.Rd7 Rg3+
99.Kf2 Rc3 100.Re7+ Kf5 101.Ke2 Be5 102.Kd2 Ra3 103.Re8 Ke4 104.Kc2 Ra6 105.Kb3 Kd4
106.Rd8+ Bd6 107.Kc2 Kc4 108.Kd2 Bc5 109.Ke2 Rf6 110.Rc8 Rf2+ 111.Ke1 Rh2
112.Kf1 Kd4 113.Re8 Kd3 114.Re6  1/2-1/2

[Event "WJun"]
[Site "Instanbul TUR"]
[Date "2005.11.17"]
[Round "8"]
[White "Moosavian,S"]
[Black "Kuderinov,K"]
[Result "0-1"]
[WhiteElo "2263"]
[BlackElo "2432"]

1.d4 Nf6 2.Bg5 d5 3.Bxf6 exf6 4.e3 Bd6 5.c4 dxc4 6.Bxc4 O-O 7.Nc3 Nd7 8.Qf3 c5
9.Nge2 a6 10.Bb3 Qc7 11.Rc1 c4 12.Bc2 Rb8 13.h4 b5 14.h5 Re8 15.Ne4 Bb4+
16.Kf1 h6 17.Rh3 Bd6 18.Nxd6 Qxd6 19.Rg3 Nf8 20.Nc3 Kh8 21.a3 b4 22.Ne4 Qe7
23.Qf4 Rb6 24.Nc5 c3 25.bxc3 bxa3 26.e4 Ne6 27.Qg4 Rg8 28.Nxe6 Bxe6 29.Qe2 a2
30.d5 Bd7 31.Ra1 Rb2 32.Qd1 Rgb8 33.Re3 Qa3 34.c4 Qc5 35.Bb3 R8xb3 36.Rxb3 Qxf2+  0-1

[Event "2nd Bundesliga Ost 2005-6"]
[Site "Austria AUT"]
[Date "2005.11.20"]
[Round "4"]
[White "Loeffler,S"]
[Black "Froeschl,F"]
[Result "1-0"]
[WhiteElo "2440"]
[BlackElo "2218"]

1.d4 Nf6 2.Bg5 c5 3.Bxf6 gxf6 4.d5 f5 5.c3 e5 6.e3 d6 7.Ne2 h5 8.h4 Be7 9.Ng3 Kf8
10.Qf3 f4 11.exf4 Bg4 12.Qe4 exf4 13.Qxf4 Bf6 14.Be2 Be5 15.Qa4 Nd7 16.Bxg4 hxg4
17.Qxg4 Nf6 18.Qf3 Qb6 19.b3 Re8 20.O-O Rxh4 21.Nd2 Qa5 22.Rac1 b5 23.Qd3 Bf4
24.Nf3 Rh8 25.Rce1 Rxe1 26.Rxe1 Bxg3 27.fxg3 Rh5 28.Nh4 Qd8 29.Rf1 a6 30.Qf3 Kg7
31.Qf4 Re5 32.Nf5+  1-0

[Event "WJun Girls"]
[Site "Instanbul TUR"]
[Date "2005.11.20"]
[Round "11"]
[White "Dzagnidze,N"]
[Black "Khotenashvili,B"]
[Result "1-0"]
[WhiteElo "2443"]
[BlackElo "2288"]

1.d4 Nf6 2.Bg5 d5 3.Nf3 Ne4 4.Bh4 c5 5.dxc5 Qa5+ 6.Nfd2 Nc6 7.c3 Qxc5 8.Nxe4 dxe4
9.Nd2 e3 10.fxe3 Qxe3 11.Bf2 Qg5 12.g3 g6 13.Bg2 Bg7 14.O-O O-O 15.Ne4 Qh5
16.Nc5 Ne5 17.Bd4 Bh3 18.Bxh3 Qxh3 19.Bxe5 Bxe5 20.Ne4 Qe6 21.Nf2 h5 22.Qa4 Bc7
23.Qe4 Qxe4 24.Nxe4 Bb6+ 25.Kg2 Rad8 26.Rad1 Rxd1 27.Rxd1 Rd8 28.Rd3 Kg7
29.a4 a5 30.b3 Kf8 31.Kf3 Ke8 32.h3 f6 33.Nd2 Bc7 34.Nc4 e5 35.Rxd8+ Kxd8
36.e4 Kd7 37.g4 hxg4+ 38.hxg4 Kc6 39.g5 fxg5 40.Kg4 Kc5 41.Kxg5 b5 42.Nb2 bxa4
43.Nxa4+ Kd6 44.Kxg6 Ke6 45.Nc5+ Kd6 46.Nd3 Ke6 47.Nb2 Bb6 48.Kg7 Bc5 49.Na4 Bd6
50.Nb6 Bc5 51.Nd5 Bd6 52.Kg6 Bb8 53.Ne3 Ba7 54.Nc4 Bf2 55.Nb2 Be1 56.Na4 Bf2
57.Kg7 Ke7 58.Nb2 Be1 59.c4 Bc3 60.Nd3 Bd4 61.Ne1 Bc3 62.Nc2 Kd6 63.Kf6 Kc5
64.Ke6 a4 65.bxa4 Kxc4 66.Ne3+ Kd4 67.Nd5 Ba5 68.Kf5 Be1 69.Ne7 Bc3 70.a5 Kc5
71.a6  1-0

[Event "18th Belgrade Trophy"]
[Site "Obrenovac SCG"]
[Date "2005.11.22"]
[Round "1"]
[White "Miladinovic,I"]
[Black "Radivojevic,Mila"]
[Result "1-0"]
[WhiteElo "2609"]
[BlackElo "2172"]

1.d4 Nf6 2.Bg5 c5 3.dxc5 Na6 4.Nd2 Nxc5 5.Bxf6 gxf6 6.c3 b6 7.Ngf3 Bb7 8.Qc2 d5
9.b4 Nd7 10.e4 a6 11.Bd3 Ne5 12.Nxe5 fxe5 13.O-O e6 14.Rae1 Bd6 15.Nf3 Qc7
16.exd5 exd5 17.Nxe5 O-O-O 18.Nf3 Kb8 19.Bf5 Rhg8 20.Qd3 d4 21.cxd4 Bxh2+
22.Kh1 Qd6 23.Be4 Bf4 24.Nh4 Qh6 25.Qh3 Bc8 26.Bf5 Rxd4 27.Bxc8 Rxc8 28.a3 Qf6
29.Nf5 Rd7 30.Re4 Be5 31.f4 Bc7 32.Rfe1 Rcd8 33.a4 Rd1 34.b5 a5 35.Ne7 Rxe1+
36.Rxe1 Rd2 37.Qc8+  1-0

[Event "18th Belgrade Trophy"]
[Site "Obrenovac SCG"]
[Date "2005.11.24"]
[Round "3"]
[White "Vujic,M"]
[Black "Brakus,D"]
[Result "1-0"]
[WhiteElo "2236"]
[BlackElo "2051"]

1.d4 Nf6 2.Bg5 c5 3.dxc5 e6 4.Nf3 Bxc5 5.e3 Nc6 6.Bd3 d5 7.Nbd2 O-O 8.O-O Be7
9.c4 d4 10.exd4 Nxd4 11.Nb3 Nc6 12.Qe2 a5 13.Rad1 Qc7 14.Nbd4 Nxd4 15.Nxd4 Bd7
16.Rfe1 Rfe8 17.Qf3 Qc5 18.Bf4 Qb4 19.Be5 a4 20.Qh3 g6 21.Re3 Ra5 22.Nf3 Rxe5
23.Nxe5 Qxb2 24.Rde1 Bc5 25.Rf3 Bd4 26.Nxf7 e5 27.Qh4 e4 28.Rb1 exd3 29.Rf1 Bf5
30.Nh6+ Kh8 31.Nxf5 gxf5 32.Rxd3 Re2 33.Rxd4 Ng4  1-0

[Event "TCh-HUN 2005-6"]
[Site "Hungary HUN"]
[Date "2005.11.27"]
[Round "4"]
[White "Tolnai,T"]
[Black "Medvegy,Z"]
[Result "1/2-1/2"]
[WhiteElo "2459"]
[BlackElo "2478"]

1.d4 Nf6 2.Bg5 d5 3.Bxf6 exf6 4.e3 Bd6 5.c4 dxc4 6.Bxc4 Nd7 7.Nc3 f5 8.Qf3 O-O
9.Nge2 Nf6 10.O-O-O Rb8 11.Kb1 Bd7 12.Bd3 g6 13.e4 fxe4 14.Nxe4 Nxe4 15.Bxe4 Qh4
16.g3 Qg4 17.Qxg4 Bxg4 18.f3 Rfe8 19.Nc3 Bd7 20.Rhe1 Kg7 21.Kc2 a6 22.Bd3 f5
23.f4 Bc6 24.Kd2 Be7 25.d5 Bd7 26.Be2 h5 27.Bf3 h4 28.Re2 Bf6 29.Rde1 Rbd8
30.Kc2 b5 31.a3 Kf7 32.Rxe8 Rxe8 33.Rxe8 Bxe8 34.Kd3 Ke7 35.Nd1 Kd6 36.b3 a5
37.Ne3 Kc5 38.Nc2 Bf7 39.b4+ Kb6 40.Nd4 axb4 41.axb4 hxg3  1/2-1/2

[Event "18th Belgrade Trophy"]
[Site "Obrenovac SCG"]
[Date "2005.11.27"]
[Round "6"]
[White "Peric,Sl"]
[Black "Pavlovic,Milo2"]
[Result "1/2-1/2"]
[WhiteElo "2308"]
[BlackElo "2438"]

1.d4 Nf6 2.Bg5 c5 3.Bxf6 gxf6 4.d5 Qb6 5.Qc1 Bg7 6.c3 d6 7.g3 f5 8.Nd2 Nd7
9.Nc4 Qc7 10.a4 Nf6 11.Qd1 O-O 12.Bg2 Bd7 13.Nf3 Rad8 14.Nh4 Bc8 15.O-O e6
16.Ne3 Qe7 17.Bf3 Nd7 18.Bg2 Ne5 19.f4 Ng6 20.Nxg6 hxg6 21.Nc4 e5 22.e3 b6
23.Re1 Ba6 24.Bf1 Bb7 25.Qd2 Rfe8 26.a5 b5 27.a6 Ba8 28.Na3 b4 29.Nc4 Rb8
30.Na5 Qc7 31.Bc4 Rb6 32.Bf1 e4 33.Nc4 bxc3 34.bxc3 Rb3 35.Rec1 Qe7 36.Na5 Rb6
37.Nc4 Rb3 38.Na5 Rb6 39.Nc4  1/2-1/2

[Event "ch-ROM"]
[Site "Baile Tusnad ROM"]
[Date "2005.12.03"]
[Round "8"]
[White "Barzanu,I"]
[Black "Parligras,M"]
[Result "0-1"]
[WhiteElo "2165"]
[BlackElo "2577"]

1.d4 Nf6 2.Bg5 c5 3.Bxf6 gxf6 4.d5 Qb6 5.Qc1 f5 6.g3 Bg7 7.c3 d6 8.Bg2 Nd7
9.Nd2 Nf6 10.Nh3 h5 11.Nf4 h4 12.a4 Bd7 13.Qc2 O-O-O 14.b4 hxg3 15.hxg3 Rxh1+
16.Bxh1 cxb4 17.cxb4+ Kb8 18.Rb1 Rc8 19.Qd1 Ng4 20.Nd3 Bd4 21.e3 Bxe3 22.fxe3 Qxe3+
23.Qe2 Qxg3+ 24.Nf2 Rc2 25.Rd1 Bxa4  0-1

[Event "TCh-BEL 2005-6"]
[Site "Belgium BEL"]
[Date "2005.12.04"]
[Round "5"]
[White "Winants,L"]
[Black "Rowson,J"]
[Result "1/2-1/2"]
[WhiteElo "2529"]
[BlackElo "2599"]

1.d4 Nf6 2.Bg5 d5 3.e3 c5 4.c3 Nc6 5.Nd2 e5 6.dxe5 Nxe5 7.Ngf3 Nxf3+ 8.Qxf3 Be7
9.Bb5+ Bd7 10.Bxd7+ Qxd7 11.O-O-O O-O-O 12.Bxf6 Bxf6 13.Nb3 b6 14.Rd2 Rhe8
15.Rhd1 Re5 16.Kb1 Qf5+  1/2-1/2

[Event "IX Mirko Srajber mem"]
[Site "Subotica SCG"]
[Date "2005.12.04"]
[Round "4"]
[White "Fontaine,R"]
[Black "Bogosavljevic,B"]
[Result "0-1"]
[WhiteElo "2507"]
[BlackElo "2325"]

1.d4 Nf6 2.Bg5 d5 3.e3 c6 4.Bxf6 exf6 5.Bd3 Bd6 6.Nd2 O-O 7.Qf3 a5 8.Ne2 Na6
9.c3 Nc7 10.g4 b5 11.h4 b4 12.g5 bxc3 13.Nxc3 Be7 14.Nf1 Rb8 15.Qe2 c5 16.dxc5 d4
17.exd4 Qxd4 18.O-O-O Qxc5 19.Ng3 f5 20.Rhe1 Bd6 21.Qc2 g6 22.h5 Be6 23.hxg6 hxg6
24.Kb1 Rfc8 25.Na4 Qb4 26.a3 Qf4 27.Ne2 Qxf2 28.Nc1 Qxc2+ 29.Bxc2 Bxa3 30.Re5 Nb5
31.Rxe6 Nc3+ 32.Nxc3 Rxb2+ 33.Ka1 Rxc2 34.Re2 Rxc1+ 35.Rxc1 Bxc1 36.Nd5 Bxg5
37.Ka2 Rd8  0-1

[Event "It"]
[Site "Dnepropetrovsk UKR"]
[Date "2005.12.08"]
[Round "2"]
[White "Romcovici,V"]
[Black "Kononenko,Dmitry1"]
[Result "0-1"]
[WhiteElo "2353"]
[BlackElo "2451"]

1.d4 Nf6 2.Bg5 c5 3.d5 Qb6 4.Nc3 Qxb2 5.Bd2 Qb6 6.e4 d6 7.Rb1 Qc7 8.f4 a6
9.a4 e5 10.dxe6 Bxe6 11.f5 Bd7 12.Bc4 Bc6 13.Qe2 Be7 14.Nh3 Nbd7 15.O-O O-O
16.Nf4 Rae8 17.Nfd5 Nxd5 18.Nxd5 Qd8 19.Bf4 Nf6 20.Rbd1 Nxd5 21.Bxd5 Qd7
22.a5 Bf6 23.Bxd6 Bd4+ 24.Rxd4 cxd4 25.Bxc6 Qxc6 26.Bxf8 Kxf8 27.Qh5 Kg8
28.f6 gxf6 29.Rf4 Qxc2 30.Rg4+ Kf8 31.Qh6+ Ke7 32.h3 d3 33.Rf4 Qc5+ 34.Kh1 Qg5
35.Qxg5 fxg5 36.Rf2 Rd8 37.Rd2 Ke6 38.Kg1 Ke5  0-1

[Event "FSIM December"]
[Site "Budapest HUN"]
[Date "2005.12.10"]
[Round "8"]
[White "Hoang Tri"]
[Black "Caruana,F"]
[Result "0-1"]
[WhiteElo "2214"]
[BlackElo "2373"]

1.d4 Nf6 2.Bg5 c5 3.d5 Qb6 4.Bc1 e6 5.Nc3 exd5 6.Nxd5 Nxd5 7.Qxd5 Nc6 8.e4 d6
9.Nf3 Be6 10.Qd2 O-O-O 11.Be2 d5 12.e5 h6 13.O-O g5 14.c3 g4 15.Ne1 Nxe5
16.a3 Bd6 17.b4 Nc4 18.Qc2 Qc7 19.g3 h5 20.Bxc4 dxc4 21.Ng2 Qc6 22.bxc5 Bxc5
23.Be3 Bxe3 24.fxe3 Bd5 25.Rf4 Rhe8 26.Rd4 Bxg2 27.Qxg2 Qxg2+ 28.Kxg2 Rxd4
29.exd4 Re2+ 30.Kg1 Rc2 31.Rf1 Rxc3 32.Rf5 b6 33.Rxh5 Rxa3 34.Kf2 Rd3 35.d5 c3
36.Ke2 c2  0-1

[Event "Bundesliga 2005-6"]
[Site "Hamburg GER"]
[Date "2005.12.10"]
[Round "5"]
[White "Richter,Mic"]
[Black "Gustafsson,J"]
[Result "1/2-1/2"]
[WhiteElo "2407"]
[BlackElo "2615"]

1.d4 Nf6 2.Bg5 d5 3.Bxf6 exf6 4.e3 Bd6 5.c4 dxc4 6.Bxc4 f5 7.Nc3 Nd7 8.Nf3 c6
9.O-O O-O 10.a4 a5 11.Qd3 Nf6 12.d5 c5 13.Bb5 Qe7 14.h3 Rd8 15.Rad1 g6 16.Nd2 f4
17.Rfe1 Qe5 18.e4 Qh5 19.Qe2 Be5 20.Qxh5 Nxh5 21.Nc4 f6 22.d6 Be6 23.Nd5 Rab8
24.Nxe5 fxe5 25.Nb6 Nf6 26.Rd2 Bd7 27.Bc4+ Kg7 28.f3 Bc6 29.Rc1 Nd7 30.Nxd7 Bxd7
31.Rd5 Kf6 32.Rxc5 Bxa4 33.Rxa5 Bc6 34.Rd1 b5 35.Bb3 Rb6 36.Ra7 Rd7 37.Rc7 g5
38.Kh2 h5 39.Ra1 g4 40.hxg4 hxg4 41.fxg4 Rxd6 42.Rf7+ Kg6 43.Raa7 Bxe4 44.Rg7+ Kh6
45.Kh3 Bb7 46.Rgxb7 Rxb7 47.Rxb7 Rd3+ 48.Kh4 Rxb3 49.Rb6+ Kg7 50.Kg5 Rxb2
51.Rb7+ Kf8 52.Kf6 Ke8 53.g5 Rxg2 54.Rxb5 e4 55.Re5+ Kf8 56.Rxe4 Ra2 57.Rxf4  1/2-1/2

[Event "12th Open"]
[Site "Zadar CRO"]
[Date "2005.12.13"]
[Round "3"]
[White "Doric,D"]
[Black "Brkic,A"]
[Result "0-1"]
[WhiteElo "2402"]
[BlackElo "2500"]

1.d4 Nf6 2.Bg5 d5 3.Bxf6 exf6 4.e3 Bd6 5.g3 O-O 6.Bg2 f5 7.Nd2 c6 8.Ne2 Nd7
9.c4 dxc4 10.Nxc4 Bc7 11.O-O Nf6 12.Nc3 Be6 13.Nd2 Qe7 14.Nb3 Rad8 15.Qc2 h5
16.Nc5 Bc8 17.b4 h4 18.b5 hxg3 19.hxg3 Bxg3 20.Nd1 Bc7 21.bxc6 bxc6 22.f4 Ng4
23.Rf3 Rd6 24.Nd3 Rh6 25.N3f2 Bb6 26.Rc1 Bxd4 27.Qd3 Bb6 28.Rg3 Rd8 29.Qe2 Rdd6
30.Nh3 Qh4 31.Rf3 Be6 32.Ng5 Qh2+ 33.Kf1 Bd5 34.Rh3 Rxh3 35.Nxh3 Bxg2+ 36.Qxg2 Rxd1+  0-1

[Event "It"]
[Site "Dnepropetrovsk UKR"]
[Date "2005.12.15"]
[Round "10"]
[White "Matjushin,G"]
[Black "Kozak,L"]
[Result "1-0"]
[WhiteElo "2425"]
[BlackElo "2299"]

1.d4 Nf6 2.Bg5 c5 3.Bxf6 gxf6 4.d5 Qb6 5.Qc1 Bg7 6.g3 f5 7.c3 Qh6 8.e3 d6
9.Bg2 O-O 10.Ne2 Na6 11.Na3 Nc7 12.Nc4 b6 13.Nf4 Ba6 14.Nd2 Be5 15.Qc2 Bc8
16.O-O Bd7 17.Nd3 Bg7 18.Rae1 Rae8 19.e4 e5 20.dxe6 fxe6 21.f4 Bb5 22.c4 Bd7
23.e5 d5 24.b4 dxc4 25.Nxc4 Bb5 26.bxc5 bxc5 27.a4 Bxc4 28.Qxc4 Rc8 29.Nxc5 Rf7
30.Rc1 Bf8 31.Nxe6  1-0

[Event "5th Amplico AIG Life"]
[Site "Warsaw POL"]
[Date "2005.12.17"]
[Round "4"]
[White "Zielinska,Mar"]
[Black "Zhigalko,A"]
[Result "0-1"]
[WhiteElo "2398"]
[BlackElo "2537"]

1.d4 Nf6 2.Bg5 Ng8 3.Bc1 Nf6 4.Bg5 d5 5.Nf3 Ne4 6.Bf4 c5 7.e3 Nc6 8.c3 Qb6
9.Qc1 Bf5 10.Nbd2 e6 11.Be2 Rc8 12.O-O Be7 13.dxc5 Nxc5 14.Rd1 O-O 15.Nf1 Bf6
16.Bg5 Bxg5 17.Nxg5 Ne5 18.Ng3 Bg6 19.b3 Rfd8 20.h4 h6 21.Nh3 Bd3 22.Nf4 Bxe2
23.Nfxe2 Rd7 24.Qc2 Qd8 25.h5 Qh4 26.Rd4 Ng4 27.Rad1 Rdc7 28.Rf4 f5 29.Qc1 Ne4
30.Rxg4 fxg4 31.Nxe4 dxe4 32.Qc2 Qxh5 33.Qxe4 g3 34.Qxe6+ Kh8 35.f3 Qh2+
36.Kf1 Qh1+ 37.Ng1 Rxc3 38.Qh3 Qxh3 39.Nxh3 Rxe3 40.Nf4 Rec3 41.Ne2 Rc2 42.Nxg3 Rc1
43.Ke2 R8c2+ 44.Rd2 Rxd2+ 45.Kxd2 Rg1  0-1